00744nam a2200229Ia 450000500170000000800410001702000180005804100080007608200150008410000250009924500240012425000110014826000410015930000090020050000280020965000360023770000250027390600100029894200070030899900170031595201820033220251121154824.0230125s9999 xx 000 0 und d a9788179921708 aeng a158.1bBIL aBillington D9215336 aLife is an Attitude aEd.1st c2016bJaico Publishing HouseaMumbai a225p aPersonality Development aPersonality Development9213420 aBillington D9215336 b69.75 cBK c94757d94757 00104070aHIMRbHIMRd2017-03-16eSuyog Enterprisesg225.00iSE/SI/3867l7m3o158.1 BIL B15637pHIMR-BK-15637r2025-03-26 00:00:00s2025-03-03v155.25w2017-03-08yBKzB15637